An archaeology of Egyptian monasticism : settlement, economy and daily life at the White Monastery Federation /

محفوظ في:

المؤلف الرئيسي: Blanke, Louise (مؤلف)

التنسيق: كتاب

اللغة: English

منشور في: New Haven, CT : Yale Egyptology, 2019.

سلاسل: Yale Egyptological Publications ; 2.

الموضوعات:

الوسوم: إضافة وسم

لا توجد وسوم, كن أول من يضع وسما على هذه التسجيلة!

رقم الطلب: DT73 .D425 B53

LEADER 01097nam a22003017a 4500
003 OSt
005 20260105120712.0
008 260105t2019 ctu b 001 0 eng c
010 |a 2019004460 
020 |a 9781950343003 (hardcover : alk. paper) 
040 |c ARCE Library 
042 |a pcc 
050 1 4 |a DT73 .D425  |b B53 
100 1 |a Blanke, Louise,  |e author 
245 1 3 |a An archaeology of Egyptian monasticism :   |b settlement, economy and daily life at the White Monastery Federation /   |c Louise Blanke. 
264 1 |a New Haven, CT :  |b Yale Egyptology,  |c 2019. 
300 |a xvi, 227 pages :   |b illustrations (some color), maps, plans ;   |c 29 cm. 
490 1 |a Yale Egyptological Publications ;   |v 2. 
504 |a Includes bibliographical references and index. 
610 2 0 |a Dayr al-Abyaḍ (Sūhāj, Egypt) 
650 0 |a Christian antiquities  |z Egypt  |z Sūhāj. 
650 0 |a Excavations (Archaeology)  |z Egypt  |z Sūhāj. 
651 0 |a Sūhāj (Egypt)  |x Antiquities. 
830 0 |a Yale Egyptological Publications ;   |v 2. 
901 |a reviewed 
942 |2 lcc  |c BK 
955 |a IEN 
999 |c 48626  |d 48626